000 00719nam a2200253 4500
001 72927
003 BD-RjUL
005 20211209082327.0
008 170525s1992 nyua b 001 0 eng d
020 _a0070099340
035 _a(BD-RjUL)73145
040 _aDLC
_cDLC
_beng
041 _aeng
082 _a547
_223
_bCAO 1992
100 1 _aCarey, Francis A.,
_d1937-
_9215711
245 1 0 _aOrganic chemistry /
_cFrancis A. Carey
250 _a2nd ed. International ed
260 _aNew York ;
_aLondon :
_bMcGraw-Hill,
_cc1992
300 _axxx, 1274 p. :
_bill. ;
_c26 cm.
504 _aIncludes Bibliography and index
650 0 _aChemistry, Organic
_9215712
942 _2ddc
_cBK
999 _c72927
_d72927